000 00874nam a22002537a 4500
005 20241005062528.0
008 161019b xxu||||| |||| 00| 0 eng d
020 _a0521587352
082 _22000
_aDC 303.483
_bSc2
100 _916420
_aBridgestock, Martin
245 _aScience technology and society:
_ban introduction/
_cMartin Bridgestock...and 4 others].
260 _aCambridge:
_bCambridge University Press,
_cc2000.
300 _axii, 276 pages;
_c23 cm.
500 _aIncludes bibliographical references and index.
650 0 _aScience
_xSocial aspects.
_916421
650 0 _916422
_aTechnology
_xSocial aspects.
650 0 _916423
_aScience
_xGovernment policy.
650 0 _916424
_aScience and state.
700 _916426
_aBurch, David
700 _916427
_aForge, John
700 _916428
_aLaurent, John
700 _916429
_aLowe, Ian
942 _2ddc
_cDC
999 _c5300
_d5300